<?xml version="1.0" encoding="UTF-8"?>
<record
    xmlns:xsi="http://www.w3.org/2001/XMLSchema-instance"
    xsi:schemaLocation="http://www.loc.gov/MARC21/slim http://www.loc.gov/standards/marcxml/schema/MARC21slim.xsd"
    xmlns="http://www.loc.gov/MARC21/slim">

  <leader>01164cam a2200265 a 4500</leader>
  <controlfield tag="001">000015863</controlfield>
  <controlfield tag="005">20260316091326.0</controlfield>
  <controlfield tag="008">051004s2004    bl a     bc   001 0 por d</controlfield>
  <datafield tag="020" ind1=" " ind2=" ">
    <subfield code="a">8533302797</subfield>
  </datafield>
  <datafield tag="040" ind1=" " ind2=" ">
    <subfield code="a">DO-SdBNP</subfield>
    <subfield code="b">spa</subfield>
    <subfield code="c">BNPHU</subfield>
  </datafield>
  <datafield tag="082" ind1=" " ind2=" ">
    <subfield code="a">017.2</subfield>
    <subfield code="b">A77</subfield>
  </datafield>
  <datafield tag="110" ind1="1" ind2=" ">
    <subfield code="a">Brasil,</subfield>
    <subfield code="b">Biblioteca Nacional</subfield>
    <subfield code="b">Divisao de Manuscritos.</subfield>
    <subfield code="9">35704</subfield>
  </datafield>
  <datafield tag="245" ind1="1" ind2="0">
    <subfield code="a">Arquivo Arthur Ramos :</subfield>
    <subfield code="b">invent&#xE1;rio anal&#xED;tico /</subfield>
    <subfield code="c">organizaci&#xF3;n y descripci&#xF3;n Vera Lucia Miranda Faillace ; inventario preliminar Ana Lucia Louzada Werneck, Ana Maria Guerra, Bartolomeu Homem d'el Rei Pinto ; &#xED;ndice Ana Lucia Merege Correa.</subfield>
  </datafield>
  <datafield tag="260" ind1=" " ind2=" ">
    <subfield code="a">R&#xED;o de Janeiro :</subfield>
    <subfield code="b">Biblioteca Nacional,</subfield>
    <subfield code="c">2004.</subfield>
  </datafield>
  <datafield tag="300" ind1=" " ind2=" ">
    <subfield code="a">539 p. :</subfield>
    <subfield code="b">il. ;</subfield>
    <subfield code="c">23 cm.</subfield>
  </datafield>
  <datafield tag="490" ind1="1" ind2=" ">
    <subfield code="a">Rodolfo Garcia,</subfield>
    <subfield code="v">v. 30</subfield>
  </datafield>
  <datafield tag="504" ind1=" " ind2=" ">
    <subfield code="a">Incluye referencias bibliogr&#xE1;ficas e &#xED;ndice.</subfield>
  </datafield>
  <datafield tag="600" ind1="1" ind2="0">
    <subfield code="a">RAMOS, ARTHUR,</subfield>
    <subfield code="d">1903-1949</subfield>
    <subfield code="x">BIOBLIOTECA</subfield>
    <subfield code="v">CAT&#xC1;LOGOS</subfield>
    <subfield code="9">35705</subfield>
  </datafield>
  <datafield tag="650" ind1="1" ind2="0">
    <subfield code="a">Archivos personales</subfield>
    <subfield code="9">35706</subfield>
  </datafield>
  <datafield tag="700" ind1="1" ind2=" ">
    <subfield code="a">Faillace, Vera L&#xFA;cia Miranda.</subfield>
    <subfield code="9">35707</subfield>
  </datafield>
  <datafield tag="700" ind1="1" ind2=" ">
    <subfield code="a">Louzada Werneck, Ana L&#xFA;cia.</subfield>
    <subfield code="9">35708</subfield>
  </datafield>
  <datafield tag="700" ind1="1" ind2=" ">
    <subfield code="a">Guerra, Ana Mar&#xED;a.</subfield>
    <subfield code="9">35709</subfield>
  </datafield>
  <datafield tag="700" ind1="1" ind2=" ">
    <subfield code="a">Rei Pinto, Bartolomeu Homem d'el.</subfield>
    <subfield code="9">35710</subfield>
  </datafield>
  <datafield tag="700" ind1="1" ind2=" ">
    <subfield code="a">Merege Correa, Ana L&#xFA;cia.</subfield>
    <subfield code="9">35711</subfield>
  </datafield>
  <datafield tag="952" ind1=" " ind2=" ">
    <subfield code="0">0</subfield>
    <subfield code="1">0</subfield>
    <subfield code="5">2</subfield>
    <subfield code="7">0</subfield>
    <subfield code="8">MO</subfield>
    <subfield code="a">GR</subfield>
    <subfield code="b">GR</subfield>
    <subfield code="c">CT</subfield>
    <subfield code="d">2010-02-19</subfield>
    <subfield code="i">LF1</subfield>
    <subfield code="l">0</subfield>
    <subfield code="o">017.2 A77</subfield>
    <subfield code="p">15863-10</subfield>
    <subfield code="r">2020-06-25</subfield>
    <subfield code="w">2020-06-25</subfield>
    <subfield code="y">2</subfield>
    <subfield code="Z">Pr&#xE9;stamo interno</subfield>
  </datafield>
  <datafield tag="999" ind1=" " ind2=" ">
    <subfield code="c">15405</subfield>
    <subfield code="d">15405</subfield>
  </datafield>
</record>
